[Event "Titled Tuesday 2024.12.24 Late"]
[Site "chess.com INT"]
[Date "2024.12.24"]
[Round "2"]
[White "Kalina, Leo"]
[Black "Thavandiran, Shiyam"]
[Result "0-1"]
[WhiteElo "2047"]
[BlackElo "2410"]
[WhiteFideId "-1"]
[WhiteFideId "-1"]
[PlyCount "80"]
[GameId "2129405226989048"]
[EventDate "2024.12.24"]
[EventType "swiss (blitz)"]
[EventRounds "11"]
[EventCountry "NET"]
[SourceTitle "The Week in Chess 1573"]
[Source "Mark Crowther"]
[SourceDate "2024.12.30"]
[SourceVersion "1"]
[SourceVersionDate "2024.12.30"]
[SourceQuality "2"]

1. d3 e5 2. g3 d5 3. Bg2 Nc6 4. Nd2 Be6 5. e4 Nge7 6. Qe2 Nd4 7. Qd1 h5 8. h4 Bg4 9. Ngf3 Nec6 10. c3 dxe4 11. dxe4 Nxf3+ 12. Bxf3 Qd7 13. Bxg4 hxg4 14. Qe2 O-O-O 15. Nc4 g6 16. Bg5 Re8 17. Rd1 Qe6 18. Kd2 b5 19. Ne3 f6 20. Qxb5 fxg5 21. hxg5 Rxh1 22. Rxh1 Be7 23. Qa6+ Kb8 24. Qb5+ Kc8 25. Qa6+ Kd7 26. Kc2 Rf8 27. Qe2 Qxa2 28. Rd1+ Ke8 29. Nd5 Qa4+ 30. Kc1 Bxg5+ 31. Ne3 Bxe3+ 32. Qxe3 Rf6 33. Qg5 Rd6 34. Rxd6 cxd6 35. Qxg6+ Kd7 36. Qf5+ Kc7 37. Qxg4 Qa1+ 38. Kc2 Qf1 39. Qf3 Qc4 40. g4 Nd4+ 0-1

[Event "Titled Tuesday 2024.12.24 Late"]
[Site "chess.com INT"]
[Date "2024.12.24"]
[Round "3"]
[White "Thavandiran, Shiyam"]
[Black "Ristic, Neb1"]
[Result "0-1"]
[WhiteElo "2410"]
[BlackElo "2248"]
[WhiteFideId "-1"]
[WhiteFideId "-1"]
[PlyCount "56"]
[GameId "2129405226989176"]
[EventDate "2024.12.24"]
[EventType "swiss (blitz)"]
[EventRounds "11"]
[EventCountry "NET"]
[SourceTitle "The Week in Chess 1573"]
[Source "Mark Crowther"]
[SourceDate "2024.12.30"]
[SourceVersion "1"]
[SourceVersionDate "2024.12.30"]
[SourceQuality "2"]

1. e4 c6 2. Nf3 d5 3. d3 dxe4 4. dxe4 Qxd1+ 5. Kxd1 Bg4 6. Be2 Nf6 7. Nbd2 e6 8. h3 Bh5 9. g4 Bg6 10. e5 Ne4 11. Nxe4 Bxe4 12. Rg1 Bxf3 13. Bxf3 Nd7 14. Bf4 O-O-O 15. Ke2 h6 16. h4 Be7 17. Bg3 Nb6 18. a4 a5 19. Be4 Rd4 20. f3 Rxa4 21. Rxa4 Nxa4 22. Ra1 Nxb2 23. Rxa5 Kc7 24. Bf2 Nc4 25. Ra4 Nb6 26. Ra7 Nd7 27. Bg3 Bc5 28. Ra3 Bxa3 0-1

[Event "Titled Tuesday 2024.12.24 Late"]
[Site "chess.com INT"]
[Date "2024.12.24"]
[Round "4"]
[White "Scarsi, Anna Laura"]
[Black "Thavandiran, Shiyam"]
[Result "0-1"]
[WhiteElo "2201"]
[BlackElo "2410"]
[WhiteFideId "-1"]
[WhiteFideId "-1"]
[PlyCount "22"]
[GameId "2129405226989353"]
[EventDate "2024.12.24"]
[EventType "swiss (blitz)"]
[EventRounds "11"]
[EventCountry "NET"]
[SourceTitle "The Week in Chess 1573"]
[Source "Mark Crowther"]
[SourceDate "2024.12.30"]
[SourceVersion "1"]
[SourceVersionDate "2024.12.30"]
[SourceQuality "2"]

1. e4 e6 2. d4 d5 3. e5 c5 4. c3 Nc6 5. Nf3 Bd7 6. Bd3 cxd4 7. O-O dxc3 8. Nxc3 Nge7 9. h4 Ng6 10. Re1 Nxh4 11. Bg5 Nxf3+ 0-1

[Event "Titled Tuesday 2024.12.24 Late"]
[Site "chess.com INT"]
[Date "2024.12.24"]
[Round "5"]
[White "Thavandiran, Shiyam"]
[Black "Slade, Theodore"]
[Result "1/2-1/2"]
[WhiteElo "2410"]
[BlackElo "2138"]
[WhiteFideId "-1"]
[WhiteFideId "-1"]
[PlyCount "108"]
[GameId "2129405226989692"]
[EventDate "2024.12.24"]
[EventType "swiss (blitz)"]
[EventRounds "11"]
[EventCountry "NET"]
[SourceTitle "The Week in Chess 1573"]
[Source "Mark Crowther"]
[SourceDate "2024.12.30"]
[SourceVersion "1"]
[SourceVersionDate "2024.12.30"]
[SourceQuality "2"]

1. e4 e5 2. Bc4 Nf6 3. d3 c6 4. Nf3 d5 5. Bb3 a5 6. a4 Bb4+ 7. Bd2 Bxd2+ 8. Qxd2 O-O 9. Nxe5 Qe7 10. f4 dxe4 11. d4 Be6 12. c4 Nbd7 13. O-O Rad8 14. Qxa5 Nxe5 15. dxe5 Ng4 16. Na3 Qh4 17. h3 Ne3 18. Qe1 Qxe1 19. Rfxe1 Rd3 20. Bc2 Nxc2 21. Nxc2 Rd2 22. Rac1 Bxc4 23. Ne3 Bb3 24. Nc4 Bxc4 25. Rxc4 Rfd8 26. Rexe4 Rxb2 27. Red4 Rxd4 28. Rxd4 Kf8 29. Rd7 Ke8 30. Rc7 b5 31. axb5 cxb5 32. Rb7 h5 33. h4 g6 34. Kh2 Rb3 35. Kg1 Rb2 36. Kf1 Kf8 37. g3 Ke8 38. Ke1 Kf8 39. Kf1 Ke8 40. e6 fxe6 41. Rg7 b4 42. Rxg6 b3 43. Rxe6+ Kf7 44. Rb6 Kg7 45. Kg1 Kf7 46. f5 Kg7 47. g4 hxg4 48. h5 g3 49. f6+ Kf7 50. h6 Rh2 51. Rxb3 Rxh6 52. Rxg3 Rg6 53. Kg2 Kxf6 54. Rxg6+ Kxg6 1/2-1/2

[Event "Titled Tuesday 2024.12.24 Late"]
[Site "chess.com INT"]
[Date "2024.12.24"]
[Round "6"]
[White "Liu, Casper"]
[Black "Thavandiran, Shiyam"]
[Result "0-1"]
[WhiteElo "2244"]
[BlackElo "2410"]
[WhiteFideId "-1"]
[WhiteFideId "-1"]
[PlyCount "102"]
[GameId "2129405226989837"]
[EventDate "2024.12.24"]
[EventType "swiss (blitz)"]
[EventRounds "11"]
[EventCountry "NET"]
[SourceTitle "The Week in Chess 1573"]
[Source "Mark Crowther"]
[SourceDate "2024.12.30"]
[SourceVersion "1"]
[SourceVersionDate "2024.12.30"]
[SourceQuality "2"]

1. d4 Nf6 2. Bg5 c5 3. Nc3 cxd4 4. Qxd4 Nc6 5. Qd2 e6 6. e4 h6 7. Bh4 Bb4 8. a3 Nxe4 9. Bxd8 Bxc3 10. Qxc3 Nxc3 11. Bc7 Nd5 12. Bd6 b6 13. O-O-O Bb7 14. Nf3 Nce7 15. Bb5 Nf5 16. Bg3 a6 17. Bd3 Nxg3 18. hxg3 d6 19. g4 Ke7 20. Be4 Rac8 21. Rhe1 Rc7 22. Bxd5 Bxd5 23. Rxd5 Rhc8 24. c3 Rc4 25. g5 hxg5 26. Rxg5 g6 27. Nd4 Rxd4 28. Rh1 Rf4 29. f3 Kf6 30. Rg3 b5 31. Kd2 a5 32. Ke3 Rfc4 33. Rh7 b4 34. axb4 axb4 35. cxb4 Rxb4 36. Rg4 Rxg4 37. fxg4 Rc2 38. Kf4 g5+ 39. Kg3 Rxb2 40. Rh6+ Ke5 41. Rh7 Rb3+ 42. Kh2 Rb7 43. Rh3 d5 44. Rf3 d4 45. Kg3 Ke4 46. Rf1 d3 47. Re1+ Kd4 48. Ra1 d2 49. Kf3 Kd3 50. Ra3+ Kc2 51. Ra2+ Rb2 0-1

[Event "Titled Tuesday 2024.12.24 Late"]
[Site "chess.com INT"]
[Date "2024.12.24"]
[Round "7"]
[White "Thavandiran, Shiyam"]
[Black "Kuznetsov, Mi1"]
[Result "0-1"]
[WhiteElo "2410"]
[BlackElo "2218"]
[WhiteFideId "-1"]
[WhiteFideId "-1"]
[PlyCount "72"]
[GameId "2129405226989978"]
[EventDate "2024.12.24"]
[EventType "swiss (blitz)"]
[EventRounds "11"]
[EventCountry "NET"]
[SourceTitle "The Week in Chess 1573"]
[Source "Mark Crowther"]
[SourceDate "2024.12.30"]
[SourceVersion "1"]
[SourceVersionDate "2024.12.30"]
[SourceQuality "2"]

1. Nf3 Nf6 2. g3 e6 3. Bg2 d5 4. O-O Be7 5. d3 O-O 6. Nbd2 b6 7. e4 Bb7 8. Re1 c5 9. e5 Nfd7 10. c3 Nc6 11. Nf1 Qc7 12. Bf4 b5 13. h4 b4 14. N1h2 a5 15. c4 dxc4 16. dxc4 Rfd8 17. Qc2 Nd4 18. Nxd4 cxd4 19. Nf3 Rac8 20. b3 Nc5 21. Rad1 d3 22. Qb1 Be4 23. Ng5 Bxg2 24. Kxg2 Qc6+ 25. f3 Bxg5 26. Bxg5 Rd7 27. Qc1 h6 28. Bf6 d2 29. Rxd2 gxf6 30. exf6 Nd3 31. Red1 Nxc1 32. Rxd7 Ne2 33. Kf2 Nc3 34. R1d4 e5 35. Rg4+ Kf8 36. Re7 Qxf6 0-1

[Event "Titled Tuesday 2024.12.17 Late"]
[Site "chess.com INT"]
[Date "2024.12.17"]
[Round "1"]
[White "Thavandiran, Shiyam"]
[Black "Nathan, Krishna"]
[Result "1-0"]
[WhiteElo "2410"]
[BlackElo "2010"]
[WhiteFideId "-1"]
[WhiteFideId "-1"]
[PlyCount "62"]
[GameId "2129405226704655"]
[EventDate "2024.12.17"]
[EventType "swiss (blitz)"]
[EventRounds "11"]
[EventCountry "NET"]
[SourceTitle "The Week in Chess 1572"]
[Source "Mark Crowther"]
[SourceDate "2024.12.23"]
[SourceVersion "2"]
[SourceVersionDate "2024.12.24"]
[SourceQuality "2"]

1. e4 e6 2. d4 d5 3. exd5 exd5 4. Nf3 Bd6 5. Bd3 Ne7 6. O-O O-O 7. c3 Bf5 8. Bxf5 Nxf5 9. Qb3 b6 10. Re1 Nh4 11. Nbd2 c6 12. Nxh4 Qxh4 13. Nf3 Qh5 14. Ne5 f6 15. Nf3 g5 16. h3 g4 17. hxg4 Qxg4 18. Bh6 Rd8 19. c4 Qg6 20. Bd2 Bf8 21. cxd5 cxd5 22. Rac1 Na6 23. Qb5 Nb8 24. Rc7 Qf5 25. Re3 Nd7 26. Nh4 a6 27. Qc6 Qg4 28. Rg3 h5 29. Rxg4+ hxg4 30. Rxd7 Rac8 31. Qe6+ Kh8 1-0

[Event "Titled Tuesday 2024.12.17 Late"]
[Site "chess.com INT"]
[Date "2024.12.17"]
[Round "2"]
[White "Rupesh, Reddy Y"]
[Black "Thavandiran, Shiyam"]
[Result "0-1"]
[WhiteElo "2151"]
[BlackElo "2410"]
[WhiteFideId "-1"]
[WhiteFideId "-1"]
[PlyCount "64"]
[GameId "2129405226713066"]
[EventDate "2024.12.17"]
[EventType "swiss (blitz)"]
[EventRounds "11"]
[EventCountry "NET"]
[SourceTitle "The Week in Chess 1572"]
[Source "Mark Crowther"]
[SourceDate "2024.12.23"]
[SourceVersion "2"]
[SourceVersionDate "2024.12.24"]
[SourceQuality "2"]

1. d4 Nf6 2. c4 e6 3. Nf3 a6 4. g3 b5 5. Bg2 Bb7 6. cxb5 axb5 7. O-O Be7 8. Nbd2 O-O 9. Re1 c5 10. dxc5 Na6 11. Nb3 Nxc5 12. Nxc5 Bxc5 13. Bg5 Bxf2+ 14. Kxf2 Ne4+ 15. Kg1 Nxg5 16. Nxg5 Bxg2 17. Nxf7 Rxf7 18. Kxg2 Qb6 19. e3 Raf8 20. Qe2 Qb7+ 21. e4 d5 22. Rf1 dxe4 23. Rxf7 Rxf7 24. Re1 e3+ 25. Kh3 Rf2 26. Qxe3 Qg2+ 27. Kg4 h5+ 28. Kg5 Rf5+ 29. Kg6 Rf6+ 30. Kxh5 Qh3+ 31. Kg5 Rf5+ 32. Kg6 Qh7# 0-1

[Event "Titled Tuesday 2024.12.17 Late"]
[Site "chess.com INT"]
[Date "2024.12.17"]
[Round "3"]
[White "Damjanovic, Vuk"]
[Black "Thavandiran, Shiyam"]
[Result "1-0"]
[WhiteElo "2368"]
[BlackElo "2410"]
[WhiteFideId "-1"]
[WhiteFideId "-1"]
[PlyCount "121"]
[GameId "2129405226717585"]
[EventDate "2024.12.17"]
[EventType "swiss (blitz)"]
[EventRounds "11"]
[EventCountry "NET"]
[SourceTitle "The Week in Chess 1572"]
[Source "Mark Crowther"]
[SourceDate "2024.12.23"]
[SourceVersion "2"]
[SourceVersionDate "2024.12.24"]
[SourceQuality "2"]

1. Nf3 Nf6 2. g3 b5 3. Bg2 Bb7 4. O-O e6 5. d4 c5 6. Bg5 a6 7. c3 h6 8. Bxf6 Qxf6 9. a4 Qd8 10. Nbd2 Be7 11. axb5 axb5 12. Rxa8 Bxa8 13. Qb3 Qb6 14. Nc4 Qa6 15. Nce5 d6 16. Ng4 O-O 17. Ne3 Nd7 18. d5 c4 19. Qd1 e5 20. Nf5 Bf6 21. Qa1 Qb6 22. Nd2 Nc5 23. Ne4 Nxe4 24. Bxe4 g6 25. Nxh6+ Kg7 26. Ng4 Bg5 27. h4 Be7 28. Qc1 Rh8 29. Qe3 Qd8 30. Bg2 f5 31. Nh2 g5 32. Qf3 gxh4 33. Qxf5 Qe8 34. Qe6 Qf7 35. Qd7 Bf6 36. Qxd6 Bb7 37. Qe6 Bc8 38. Qxf7+ Kxf7 39. Be4 hxg3 40. fxg3 Rg8 41. Kg2 Ke7 42. Bf5 Bh4 43. g4 Bb7 44. Be4 Kd6 45. Nf3 Be7 46. Kg3 Bc8 47. g5 Bxg5 48. Nxg5 Rxg5+ 49. Kf3 Rg8 50. Ke3 Rg3+ 51. Kd2 Rg8 52. Rf6+ Ke7 53. Rc6 Bd7 54. Rb6 Kd8 55. d6 Kc8 56. Bb7+ Kd8 57. Bd5 Bc8 58. Bxg8 Kd7 59. Rxb5 Kxd6 60. Rd5+ Kc7 61. Rxe5 1-0

[Event "Titled Tuesday 2024.12.17 Late"]
[Site "chess.com INT"]
[Date "2024.12.17"]
[Round "4"]
[White "Thavandiran, Shiyam"]
[Black "Pullela, Sricharan"]
[Result "1-0"]
[WhiteElo "2410"]
[BlackElo "2115"]
[WhiteFideId "-1"]
[WhiteFideId "-1"]
[PlyCount "83"]
[GameId "2129405226725923"]
[EventDate "2024.12.17"]
[EventType "swiss (blitz)"]
[EventRounds "11"]
[EventCountry "NET"]
[SourceTitle "The Week in Chess 1572"]
[Source "Mark Crowther"]
[SourceDate "2024.12.23"]
[SourceVersion "2"]
[SourceVersionDate "2024.12.24"]
[SourceQuality "2"]

1. e4 e6 2. d4 d5 3. exd5 exd5 4. Nf3 Bd6 5. Bd3 Ne7 6. O-O Bg4 7. c3 Nbc6 8. Nbd2 Qd7 9. Re1 O-O-O 10. b4 f6 11. Nf1 g5 12. Ne3 h5 13. b5 Nb8 14. a4 Rdf8 15. c4 f5 16. cxd5 Bxf3 17. Qxf3 g4 18. Qe2 f4 19. Nc4 Nxd5 20. Qe6 Qxe6 21. Rxe6 Kd7 22. Re1 Bb4 23. Re5 Ne7 24. Bd2 Bxd2 25. Nxd2 Kd8 26. Rae1 Rf7 27. Bc4 Rg7 28. Ne4 Nd7 29. Rg5 Rxg5 30. Nxg5 Ke8 31. Bf7+ Kf8 32. Bb3 Rh6 33. Ne6+ Ke8 34. Nxc7+ Kf8 35. Ne6+ Ke8 36. Nxf4 Rf6 37. Nd5 Rf7 38. Nc7+ Kf8 39. Bxf7 Kxf7 40. Ne6 Nf6 41. Nd8+ Kf8 42. Nxb7 1-0

[Event "Titled Tuesday 2024.12.17 Late"]
[Site "chess.com INT"]
[Date "2024.12.17"]
[Round "5"]
[White "Thavandiran, Shiyam"]
[Black "Makarian, Rudik"]
[Result "1-0"]
[WhiteElo "2410"]
[BlackElo "2547"]
[WhiteFideId "-1"]
[WhiteFideId "-1"]
[PlyCount "51"]
[GameId "2129405226726072"]
[EventDate "2024.12.17"]
[EventType "swiss (blitz)"]
[EventRounds "11"]
[EventCountry "NET"]
[SourceTitle "The Week in Chess 1572"]
[Source "Mark Crowther"]
[SourceDate "2024.12.23"]
[SourceVersion "2"]
[SourceVersionDate "2024.12.24"]
[SourceQuality "2"]

1. e4 c5 2. Nf3 d6 3. d4 cxd4 4. Nxd4 Nf6 5. Nc3 Nc6 6. Bg5 Bd7 7. Qd2 Nxd4 8. Qxd4 Qa5 9. f4 Rc8 10. e5 dxe5 11. fxe5 Qc5 12. O-O-O Qxd4 13. Rxd4 Rc5 14. Bf4 Nh5 15. g3 Nxf4 16. gxf4 e6 17. Bg2 Bc6 18. Rhd1 Be7 19. Bxc6+ Rxc6 20. Rd7 f5 21. Rxb7 Kf7 22. Rdd7 Re8 23. Rxa7 Kf8 24. Nb5 Rc4 25. Nc7 Rxf4 26. Nxe6+ 1-0

[Event "Titled Tuesday 2024.12.17 Late"]
[Site "chess.com INT"]
[Date "2024.12.17"]
[Round "6"]
[White "Sheehan, Ethan"]
[Black "Thavandiran, Shiyam"]
[Result "1-0"]
[WhiteElo "2331"]
[BlackElo "2410"]
[WhiteFideId "-1"]
[WhiteFideId "-1"]
[PlyCount "69"]
[GameId "2129405226726329"]
[EventDate "2024.12.17"]
[EventType "swiss (blitz)"]
[EventRounds "11"]
[EventCountry "NET"]
[SourceTitle "The Week in Chess 1572"]
[Source "Mark Crowther"]
[SourceDate "2024.12.23"]
[SourceVersion "2"]
[SourceVersionDate "2024.12.24"]
[SourceQuality "2"]

1. d4 Nf6 2. c4 g6 3. Nc3 Bg7 4. e4 d6 5. Nf3 O-O 6. Be2 e5 7. O-O Nc6 8. d5 Ne7 9. b4 a5 10. Ba3 Nd7 11. bxa5 Rxa5 12. Bb4 Ra8 13. a4 b6 14. a5 bxa5 15. Bxa5 Ba6 16. Nb5 Bxb5 17. cxb5 Nc5 18. Qc2 f5 19. Ng5 fxe4 20. Nxe4 Nxe4 21. Qxe4 Rf4 22. Qc2 Rc8 23. g3 Rf7 24. Rac1 Qd7 25. Qc4 Bh6 26. Rc2 Rcf8 27. Bxc7 Rxf2 28. Rxf2 Be3 29. Bg4 Qe8 30. Be6+ Kh8 31. Bxd6 Rxf2 32. Rxf2 Bxf2+ 33. Kxf2 Qf8+ 34. Kg2 e4 35. Be5+ 1-0

[Event "Titled Tuesday 2024.12.17 Late"]
[Site "chess.com INT"]
[Date "2024.12.17"]
[Round "7"]
[White "Thavandiran, Shiyam"]
[Black "Fernandez Estremera, Fernando"]
[Result "1-0"]
[WhiteElo "2410"]
[BlackElo "2129"]
[WhiteFideId "-1"]
[WhiteFideId "-1"]
[PlyCount "69"]
[GameId "2129405226726551"]
[EventDate "2024.12.17"]
[EventType "swiss (blitz)"]
[EventRounds "11"]
[EventCountry "NET"]
[SourceTitle "The Week in Chess 1572"]
[Source "Mark Crowther"]
[SourceDate "2024.12.23"]
[SourceVersion "2"]
[SourceVersionDate "2024.12.24"]
[SourceQuality "2"]

1. e4 c5 2. Nf3 d6 3. d4 cxd4 4. Nxd4 Nf6 5. Nc3 Nc6 6. Bg5 e6 7. Qd2 a6 8. O-O-O Bd7 9. f4 Be7 10. Nf3 b5 11. Bxf6 gxf6 12. g3 Qb6 13. Bh3 O-O-O 14. Rhf1 Kb8 15. Ne1 b4 16. Ne2 h5 17. Ng2 Rc8 18. Kb1 Qc5 19. f5 Ne5 20. Nef4 Nc4 21. Qc1 e5 22. Nd5 Bd8 23. Rf3 Ba4 24. Ne1 h4 25. g4 a5 26. Bf1 Bb5 27. h3 Ka8 28. c3 bxc3 29. Rxc3 Qa7 30. Bxc4 Bxc4 31. Rxc4 Rb8 32. Rc8 Bb6 33. Qc6+ Qb7 34. Nxb6+ Ka7 35. Rc7 1-0

[Event "Titled Tuesday 2024.12.17 Late"]
[Site "chess.com INT"]
[Date "2024.12.17"]
[Round "8"]
[White "Thavandiran, Shiyam"]
[Black "Abasov, Nijat Azad"]
[Result "0-1"]
[WhiteElo "2410"]
[BlackElo "2615"]
[WhiteFideId "-1"]
[WhiteFideId "-1"]
[PlyCount "66"]
[GameId "2129405226726684"]
[EventDate "2024.12.17"]
[EventType "swiss (blitz)"]
[EventRounds "11"]
[EventCountry "NET"]
[SourceTitle "The Week in Chess 1572"]
[Source "Mark Crowther"]
[SourceDate "2024.12.23"]
[SourceVersion "2"]
[SourceVersionDate "2024.12.24"]
[SourceQuality "2"]

1. e4 c5 2. Nf3 e6 3. d4 cxd4 4. Nxd4 Nf6 5. Nc3 Nc6 6. Ndb5 Bc5 7. Bf4 O-O 8. Bc7 Qe7 9. Bd6 Bxd6 10. Qxd6 Qd8 11. O-O-O a6 12. Nc7 Ra7 13. e5 Ng4 14. Ne4 b6 15. h3 Ngxe5 16. f4 Ng6 17. f5 exf5 18. Ng3 Qxc7 19. Nxf5 Qxd6 20. Nxd6 Rc7 21. Be2 Nge5 22. Rhe1 b5 23. a3 g6 24. Bf1 Kg7 25. g4 h6 26. Bg2 f6 27. b3 Nd8 28. h4 Ndf7 29. Ne4 Bb7 30. g5 hxg5 31. hxg5 Nxg5 32. Nxf6 Bxg2 33. Rxe5 Kxf6 0-1

[Event "Titled Tuesday 2024.12.17 Late"]
[Site "chess.com INT"]
[Date "2024.12.17"]
[Round "9"]
[White "Slovineanu, Viacheslav"]
[Black "Thavandiran, Shiyam"]
[Result "1/2-1/2"]
[WhiteElo "2412"]
[BlackElo "2410"]
[WhiteFideId "-1"]
[WhiteFideId "-1"]
[PlyCount "139"]
[GameId "2129405226726949"]
[EventDate "2024.12.17"]
[EventType "swiss (blitz)"]
[EventRounds "11"]
[EventCountry "NET"]
[SourceTitle "The Week in Chess 1572"]
[Source "Mark Crowther"]
[SourceDate "2024.12.23"]
[SourceVersion "2"]
[SourceVersionDate "2024.12.24"]
[SourceQuality "2"]

1. d4 e6 2. c4 Nf6 3. Nf3 c5 4. d5 exd5 5. cxd5 d6 6. e4 Qe7 7. Nc3 a6 8. Bd3 b5 9. O-O g6 10. e5 dxe5 11. Nxe5 Bg7 12. Re1 O-O 13. Nxg6 Qd8 14. Nxf8 Qxf8 15. Bg5 Bb7 16. Bxf6 Bxf6 17. Qh5 h6 18. Qf5 Qd8 19. Ne4 Bg7 20. Nxc5 Bxd5 21. Rad1 Nc6 22. Qh7+ Kf8 23. Bf5 Ra7 24. Be4 Nd4 25. Bxd5 Qxd5 26. Nb3 Re7 27. Nxd4 Qxd4 28. Qc2 Rxe1+ 29. Rxe1 Bf6 30. b3 Qb4 31. Qe2 a5 32. g3 a4 33. bxa4 bxa4 34. Kg2 a3 35. Qf3 Qb2 36. Re2 Qb5 37. Qxa3+ Kg7 38. Qf3 Qa6 39. a3 Qa4 40. Re4 Qa5 41. Rg4+ Bg5 42. h4 f5 43. hxg5 fxg4 44. gxh6+ Kxh6 45. Qxg4 Qxa3 46. Qf4+ Kg7 47. Qe5+ Kg6 48. g4 Qa8+ 49. Kg3 Qa3+ 50. f3 Qc1 51. Qf5+ Kg7 52. Qe5+ Kg6 53. Qe4+ Kg7 54. g5 Qxg5+ 55. Qg4 Kf6 56. Qxg5+ Kxg5 57. Kf2 Kf4 58. Ke2 Kf5 59. Ke3 Ke5 60. f4+ Kf5 61. Kf3 Kf6 62. Ke4 Ke6 63. f5+ Kf6 64. Kf4 Kf7 65. Ke5 Ke7 66. f6+ Kf7 67. Kf5 Kf8 68. Ke6 Ke8 69. f7+ Kf8 70. Kf6 1/2-1/2

[Event "Titled Tuesday 2024.12.17 Late"]
[Site "chess.com INT"]
[Date "2024.12.17"]
[Round "10"]
[White "Gryshko, Vitalii"]
[Black "Thavandiran, Shiyam"]
[Result "0-1"]
[WhiteElo "2304"]
[BlackElo "2410"]
[WhiteFideId "-1"]
[WhiteFideId "-1"]
[PlyCount "66"]
[GameId "2129405226727006"]
[EventDate "2024.12.17"]
[EventType "swiss (blitz)"]
[EventRounds "11"]
[EventCountry "NET"]
[SourceTitle "The Week in Chess 1572"]
[Source "Mark Crowther"]
[SourceDate "2024.12.23"]
[SourceVersion "2"]
[SourceVersionDate "2024.12.24"]
[SourceQuality "2"]

1. c4 Nf6 2. Nc3 g6 3. e4 d6 4. d3 Bg7 5. Nf3 O-O 6. Be2 c5 7. h3 Nc6 8. Be3 Ne8 9. Qd2 Nd4 10. Bxd4 cxd4 11. Nd5 e6 12. Nb4 Nc7 13. h4 h6 14. h5 g5 15. O-O-O Bd7 16. Nc2 e5 17. Nb4 b5 18. Kb1 Rb8 19. Nh2 bxc4 20. dxc4 f5 21. exf5 a5 22. Nd5 Bxf5+ 23. Ka1 Nxd5 24. cxd5 d3 25. Bg4 e4 26. Bxf5 Rxf5 27. Rb1 Rxd5 28. Ng4 Rdb5 29. Qc1 a4 30. Qc4+ d5 31. Qc6 R8b6 32. Nxh6+ Bxh6 33. Qc1 a3 0-1

[Event "Titled Tuesday 2024.10.15 Late"]
[Site "chess.com INT"]
[Date "2024.10.15"]
[Round "1"]
[White "Thavandiran, Shiyam"]
[Black "Myers, Dominique"]
[Result "0-1"]
[WhiteElo "2410"]
[BlackElo "2029"]
[WhiteFideId "-1"]
[WhiteFideId "-1"]
[PlyCount "112"]
[GameId "2129405225045491"]
[EventDate "2024.10.15"]
[EventType "swiss (blitz)"]
[EventRounds "11"]
[EventCountry "NET"]
[SourceTitle "The Week in Chess 1563"]
[Source "Mark Crowther"]
[SourceDate "2024.10.21"]
[SourceVersion "1"]
[SourceVersionDate "2024.10.21"]
[SourceQuality "2"]

1. e4 e5 2. Nf3 Nc6 3. Nc3 Nf6 4. Bb5 Nd4 5. O-O Bc5 6. Nxe5 Nxb5 7. Nxb5 c6 8. d4 Be7 9. Nc3 O-O 10. h3 Bb4 11. Re1 Re8 12. Qf3 d6 13. Nd3 Ba5 14. Bg5 Bb6 15. e5 Bxd4 16. exf6 Rxe1+ 17. Rxe1 Be6 18. Ne4 h6 19. Bxh6 gxh6 20. Qg3+ Kf8 21. Qg7+ Ke8 22. Nec5 Bxf6 23. Rxe6+ fxe6 24. Qg8+ Ke7 25. Qh7+ Ke8 26. Nxb7 Qe7 27. Qg8+ Qf8 28. Qxe6+ Qe7 29. Nxd6+ Kf8 30. Nf4 Qxe6 31. Nxe6+ Ke7 32. Nc7 Rd8 33. Nc4 Kd7 34. Na6 Ke6 35. Kf1 Be7 36. Ke2 Rd4 37. b3 Bd6 38. f3 Rd5 39. a4 Rg5 40. g4 h5 41. Ke3 hxg4 42. hxg4 Rg8 43. Ke4 Rf8 44. Nxd6 Kxd6 45. Nb4 Re8+ 46. Kf4 Re2 47. g5 a5 48. Nd3 Rxc2 49. Ne5 Ke6 50. g6 Kf6 51. Ke4 Re2+ 52. Kd4 Rxe5 53. g7 Rg5 54. f4 Rxg7 55. Kc5 Rb7 56. Kxc6 Rxb3 0-1

[Event "Titled Tuesday 2024.10.15 Late"]
[Site "chess.com INT"]
[Date "2024.10.15"]
[Round "2"]
[White "Stojanovski, Sandi"]
[Black "Thavandiran, Shiyam"]
[Result "0-1"]
[WhiteElo "2169"]
[BlackElo "2410"]
[WhiteFideId "-1"]
[WhiteFideId "-1"]
[PlyCount "76"]
[GameId "2129405225045646"]
[EventDate "2024.10.15"]
[EventType "swiss (blitz)"]
[EventRounds "11"]
[EventCountry "NET"]
[SourceTitle "The Week in Chess 1563"]
[Source "Mark Crowther"]
[SourceDate "2024.10.21"]
[SourceVersion "1"]
[SourceVersionDate "2024.10.21"]
[SourceQuality "2"]

1. d3 d5 2. Nf3 Nc6 3. g3 e5 4. Bg2 Nf6 5. O-O h6 6. c4 dxc4 7. dxc4 Qxd1 8. Rxd1 a6 9. Nc3 Bd6 10. Nd5 Nxd5 11. cxd5 Ne7 12. Nd2 b5 13. Nb3 a5 14. a4 Bd7 15. axb5 a4 16. Nd2 Bxb5 17. e4 O-O 18. Bf1 Bd7 19. Nc4 Rfb8 20. Be3 f5 21. f3 Rb3 22. Rac1 Bb5 23. Nxd6 cxd6 24. Bxb5 Rxe3 25. Rc7 Kf8 26. Rd7 Rb3 27. Bc6 Ra6 28. Rd2 Nxc6 29. dxc6 Rxc6 30. exf5 Rxf3 31. R7xd6 Rc1+ 32. Kg2 Rxf5 33. Ra6 Rc4 34. Rd7 Rc2+ 35. Kg1 Kg8 36. Raa7 Rg5 37. Rdb7 e4 38. Rxa4 Rd5 0-1

[Event "Titled Tuesday 2024.10.15 Late"]
[Site "chess.com INT"]
[Date "2024.10.15"]
[Round "3"]
[White "Thavandiran, Shiyam"]
[Black "Ekdyshman, Mikhail"]
[Result "1-0"]
[WhiteElo "2410"]
[BlackElo "2257"]
[WhiteFideId "-1"]
[WhiteFideId "-1"]
[PlyCount "65"]
[GameId "2129405225058090"]
[EventDate "2024.10.15"]
[EventType "swiss (blitz)"]
[EventRounds "11"]
[EventCountry "NET"]
[SourceTitle "The Week in Chess 1563"]
[Source "Mark Crowther"]
[SourceDate "2024.10.21"]
[SourceVersion "1"]
[SourceVersionDate "2024.10.21"]
[SourceQuality "2"]

1. e4 c5 2. Nf3 d6 3. d4 cxd4 4. Nxd4 Nf6 5. Nc3 a6 6. h3 e6 7. g4 Be7 8. Bg2 Nc6 9. O-O Qc7 10. Be3 Ne5 11. Nce2 Nc4 12. Bc1 d5 13. exd5 Nxd5 14. b3 Ncb6 15. c4 Nf6 16. Bb2 O-O 17. Ng3 Rd8 18. Qe2 Bc5 19. Rad1 Bd7 20. g5 Ne8 21. Rd3 a5 22. a3 Nd6 23. Rfd1 Nf5 24. Ndxf5 exf5 25. Be5 Qc8 26. Bxg7 Kxg7 27. Qe5+ Kf8 28. Qh8+ Ke7 29. Qf6+ Ke8 30. Nh5 Bf8 31. Qxb6 Qc5 32. Nf6+ Ke7 33. Rxd7+ 1-0